[Event "Madrid-ch 2018-2019 - Previa A"]
[Site "Madrid ESP"]
[Date "2019.02.15"]
[Round "7.20"]
[White "Cruz Gonzalez, Antonio"]
[Black "Becerra Baigorri, Jose"]
[Result "1-0"]
[WhiteElo "1790"]
[BlackElo "1479"]
[PlyCount "61"]
[EventDate "2019.02.04"]
[EventType "swiss"]
[EventRounds "9"]
[EventCountry "ESP"]
[SourceTitle "Ajedrez en Madrid"]
[Source "lmi"]
[SourceDate "2019.02.04"]
[SourceVersion "1"]
[SourceVersionDate "2019.02.22"]
[SourceQuality "1"]

1. e4 e5 2. f4 exf4 3. Nf3 g5 4. Nc3 g4 5. Ne5 Qh4+ 6. g3 fxg3 7. Qxg4 Qxg4 8.
Nxg4 gxh2 9. Rxh2 d6 10. Ne3 c6 11. d4 Bg7 12. Nc4 Nd7 13. Nxd6+ Kf8 14. Rf2
Bf6 15. Bg5 Ke7 16. Bxf6+ Ndxf6 17. e5 Be6 18. O-O-O Ng4 19. Rf4 Rb8 20. d5
cxd5 21. Nxd5+ Bxd5 22. Rxd5 Nxe5 23. Nf5+ Kf6 24. Bh3 Kg5 25. Rf2 f6 26. Rg2+
Kh5 27. Rd4 Nf3 28. Bg4+ Kg5 29. Re4 Rd8 30. Rg3 Rd5 31. Bh3+ 1-0

[Event "Madrid-ch 2018-2019 - Previa A"]
[Site "Madrid ESP"]
[Date "2019.02.15"]
[Round "7.21"]
[White "Fernandez Rios, Jose Francisco"]
[Black "Cujba, Anca-Claudia"]
[Result "1-0"]
[WhiteElo "1780"]
[BlackElo "1576"]
[PlyCount "107"]
[EventDate "2019.02.04"]
[EventType "swiss"]
[EventRounds "9"]
[EventCountry "ESP"]
[SourceTitle "Ajedrez en Madrid"]
[Source "lmi"]
[SourceDate "2019.02.04"]
[SourceVersion "1"]
[SourceVersionDate "2019.02.22"]
[SourceQuality "1"]

1. d4 Nf6 2. c4 d6 3. Nc3 Nbd7 4. e4 e5 5. d5 Nc5 6. Qc2 a5 7. Be2 Be7 8. Nf3
O-O 9. O-O Bd7 10. b3 Ne8 11. Be3 f5 12. Bxc5 dxc5 13. Nxe5 Bf6 14. Nxd7 Qxd7
15. exf5 Bd4 16. Bd3 Ra6 17. Rae1 Rh6 18. Re6 Nd6 19. Rxh6 gxh6 20. Ne2 Be5 21.
Ng3 Qg7 22. Qe2 Re8 23. Qf3 Nf7 24. Re1 Qf6 25. Kf1 Ng5 26. Qg4 Kf7 27. f4 Bxf4
28. Qxf4 Rxe1+ 29. Kxe1 Qa1+ 30. Ke2 Qxa2+ 31. Qd2 Qxb3 32. h4 a4 33. Qc2 Qb4
34. hxg5 a3 35. Ne4 hxg5 36. Nc3 Qb6 37. Nb1 a2 38. Qxa2 Qd6 39. Qd2 Qg3 40.
Kf1 h5 41. Qe2 Qf4+ 42. Qf3 Qc1+ 43. Ke2 g4 44. Qe3 Qh1 45. Kf2 h4 46. Qe6+ Kf8
47. Qf6+ Ke8 48. Qg6+ Kd8 49. Qxg4 h3 50. Qxh3 Qd1 51. f6 Qc1 52. f7 Qf4+ 53.
Qf3 Qh4+ 54. Kf1 1-0

[Event "Madrid-ch 2018-2019 - Previa A"]
[Site "Madrid ESP"]
[Date "2019.02.15"]
[Round "7.22"]
[White "Martinez Martinez, Javier II"]
[Black "De Vicente Guijarro, Juan"]
[Result "0-1"]
[WhiteElo "1588"]
[BlackElo "1867"]
[PlyCount "90"]
[EventDate "2019.02.04"]
[EventType "swiss"]
[EventRounds "9"]
[EventCountry "ESP"]
[SourceTitle "Ajedrez en Madrid"]
[Source "lmi"]
[SourceDate "2019.02.04"]
[SourceVersion "1"]
[SourceVersionDate "2019.02.22"]
[SourceQuality "1"]

1. d4 d5 2. Nf3 Nf6 3. e3 g6 4. Bd3 Bg7 5. O-O O-O 6. Nbd2 c5 7. b3 Nc6 8. c3
Qc7 9. Bb2 b6 10. Qc2 Bb7 11. Rfe1 Rac8 12. Rac1 Nd7 13. e4 dxe4 14. Nxe4 cxd4
15. cxd4 Qf4 16. Qd2 Qxd2 17. Nexd2 Nf6 18. h3 Rfd8 19. Bc4 e6 20. Nf1 Nd5 21.
Ne3 Nde7 22. Red1 Nb4 23. Ba3 Nbd5 24. Be2 Nf5 25. Nxf5 gxf5 26. Rxc8 Rxc8 27.
Rc1 Rxc1+ 28. Bxc1 Nc3 29. Bd3 Nxa2 30. Be3 Nb4 31. Bc4 Nc2 32. Ne5 Bxe5 33.
dxe5 Nxe3 34. fxe3 Bd5 35. Kf2 Bxc4 36. bxc4 Kg7 37. Ke2 Kf8 38. Kd3 Ke7 39.
Kc3 Kd7 40. Kb3 Kc6 41. Kb4 a5+ 42. Kc3 Kc5 43. g3 a4 44. g4 fxg4 45. hxg4 h6
0-1

[Event "Madrid-ch 2018-2019 - Previa A"]
[Site "Madrid ESP"]
[Date "2019.02.15"]
[Round "7.23"]
[White "Martin Vazquez, Jose Luis"]
[Black "Martinez Pintor, Juan"]
[Result "1-0"]
[WhiteElo "1832"]
[BlackElo "1604"]
[PlyCount "69"]
[EventDate "2019.02.04"]
[EventType "swiss"]
[EventRounds "9"]
[EventCountry "ESP"]
[SourceTitle "Ajedrez en Madrid"]
[Source "lmi"]
[SourceDate "2019.02.04"]
[SourceVersion "1"]
[SourceVersionDate "2019.02.22"]
[SourceQuality "1"]

1. e4 e6 2. d4 d5 3. Bd3 c5 4. exd5 Qxd5 5. Nc3 Qxd4 6. Nb5 Qe5+ 7. Ne2 Na6 8.
Bf4 Qd5 9. Nec3 Qd8 10. Qe2 Be7 11. Rd1 Bd7 12. Bc4 Nf6 13. Nd6+ Bxd6 14. Bxd6
Qb6 15. O-O O-O-O 16. Be7 Rde8 17. Bd6 Rd8 18. Be7 Rde8 19. Bxf6 gxf6 20. Ne4
Re7 21. Nxf6 Bc6 22. Rd6 Qxb2 23. Rxc6+ bxc6 24. Bxa6+ Kc7 25. Qf3 Qxa2 26.
Qg3+ Kb6 27. Bd3 Qb2 28. Ne4 f5 29. Nd2 Qg7 30. Rb1+ Ka5 31. Nc4+ Ka4 32. Qf3
Rc7 33. Qd1 Qc3 34. Rb3 Qd4 35. Qb1 1-0

[Event "Madrid-ch 2018-2019 - Previa A"]
[Site "Madrid ESP"]
[Date "2019.02.15"]
[Round "7.25"]
[White "Martinez Miura, Enrique"]
[Black "Castro Uceda, Jose Antonio"]
[Result "1-0"]
[WhiteElo "1673"]
[BlackElo "1518"]
[PlyCount "39"]
[EventDate "2019.02.04"]
[EventType "swiss"]
[EventRounds "9"]
[EventCountry "ESP"]
[SourceTitle "Ajedrez en Madrid"]
[Source "lmi"]
[SourceDate "2019.02.04"]
[SourceVersion "1"]
[SourceVersionDate "2019.02.22"]
[SourceQuality "1"]

1. e4 c5 2. Nc3 e6 3. Nf3 d5 4. exd5 exd5 5. Bb5+ Bd7 6. Bxd7+ Qxd7 7. d4 b6 8.
dxc5 Bxc5 9. Qxd5 Qxd5 10. Nxd5 Na6 11. Be3 Rc8 12. c3 Bxe3 13. Nxe3 Nf6 14.
O-O O-O 15. Rfd1 Rfd8 16. Nd4 Rd7 17. Nb5 Ra8 18. Rxd7 Nxd7 19. Rd1 Nab8 20.
Nc7 1-0

[Event "Madrid-ch 2018-2019 - Previa A"]
[Site "Madrid ESP"]
[Date "2019.02.15"]
[Round "7.26"]
[White "Martinez Carrasco, Jesus"]
[Black "Lizon Martinez, Santiago"]
[Result "0-1"]
[WhiteElo "1567"]
[BlackElo "1663"]
[PlyCount "33"]
[EventDate "2019.02.04"]
[EventType "swiss"]
[EventRounds "9"]
[EventCountry "ESP"]
[SourceTitle "Ajedrez en Madrid"]
[Source "lmi"]
[SourceDate "2019.02.04"]
[SourceVersion "1"]
[SourceVersionDate "2019.02.22"]
[SourceQuality "1"]

1. d4 Nf6 2. c4 e6 3. Nc3 Bb4 4. Qc2 b6 5. Nf3 Bb7 6. e3 O-O 7. Be2 d5 8. cxd5
exd5 9. a3 Bd6 10. O-O Nbd7 11. h3 a6 12. Bd3 h6 13. Bd2 c5 14. b3 Rc8 15. dxc5
bxc5 16. Ne2 Re8 17. Ba5 0-1

[Event "Madrid-ch 2018-2019 - Previa A"]
[Site "Madrid ESP"]
[Date "2019.02.15"]
[Round "7.27"]
[White "Corral Aragon, Juan Maria"]
[Black "Martinez Pascual, Gonzalo"]
[Result "0-1"]
[WhiteElo "1789"]
[BlackElo "1422"]
[PlyCount "54"]
[EventDate "2019.02.04"]
[EventType "swiss"]
[EventRounds "9"]
[EventCountry "ESP"]
[SourceTitle "Ajedrez en Madrid"]
[Source "lmi"]
[SourceDate "2019.02.04"]
[SourceVersion "1"]
[SourceVersionDate "2019.02.22"]
[SourceQuality "1"]

1. e4 c6 2. d4 d5 3. exd5 cxd5 4. Nf3 Nf6 5. c4 g6 6. Nc3 Bg7 7. Qb3 dxc4 8.
Bxc4 O-O 9. Ne5 e6 10. Be3 a6 11. O-O-O b5 12. Be2 Bb7 13. Bf3 Bxf3 14. gxf3
Nbd7 15. Bg5 Qc7 16. Kb1 Nxe5 17. Bf4 Nh5 18. Bxe5 Bxe5 19. dxe5 Qxe5 20. Ne4
Rfd8 21. Rdg1 Nf4 22. Qe3 Rd3 23. Rg5 Rxe3 24. fxe3 f5 25. exf4 Qxf4 26. Nf6+
Kf7 27. Nxh7 Rh8 0-1

[Event "Madrid-ch 2018-2019 - Previa A"]
[Site "Madrid ESP"]
[Date "2019.02.15"]
[Round "7.28"]
[White "Alvarez Abejon, Amilcar"]
[Black "De Juan Rivas, Antonio"]
[Result "1-0"]
[WhiteElo "1919"]
[BlackElo "1541"]
[PlyCount "79"]
[EventDate "2019.02.04"]
[EventType "swiss"]
[EventRounds "9"]
[EventCountry "ESP"]
[SourceTitle "Ajedrez en Madrid"]
[Source "lmi"]
[SourceDate "2019.02.04"]
[SourceVersion "1"]
[SourceVersionDate "2019.02.22"]
[SourceQuality "1"]

1. d4 Nf6 2. Bf4 g6 3. Nc3 Bg7 4. e4 d6 5. Qd2 Nc6 6. O-O-O O-O 7. Nf3 a6 8. d5
e5 9. Bh6 Bxh6 10. Qxh6 Ng4 11. Qd2 Ne7 12. h3 Nf6 13. g4 Kg7 14. Nh4 b5 15. f3
b4 16. Ne2 a5 17. Ng3 Neg8 18. Ng2 Ba6 19. Bxa6 Rxa6 20. h4 h6 21. g5 Nh7 22.
gxh6+ Nxh6 23. Ne3 f5 24. exf5 Nxf5 25. Ngxf5+ gxf5 26. Qd3 Qc8 27. Rdg1+ Kh8
28. Rg6 Ra8 29. Rhg1 Qa6 30. Qxa6 Rxa6 31. Nxf5 Raa8 32. Nh6 Nf6 33. Rg7 Rac8
34. Nf7+ Rxf7 35. Rxf7 Nxd5 36. Rgg7 Nf6 37. Rxc7 e4 38. Rxc8+ Kxg7 39. fxe4
Nxe4 40. Ra8 1-0

[Event "Madrid-ch 2018-2019 - Previa A"]
[Site "Madrid ESP"]
[Date "2019.02.15"]
[Round "7.29"]
[White "Marcelo De La Mata, Daniel"]
[Black "Ramos Antona, Enrique"]
[Result "1-0"]
[WhiteElo "1649"]
[BlackElo "1521"]
[PlyCount "95"]
[EventDate "2019.02.04"]
[EventType "swiss"]
[EventRounds "9"]
[EventCountry "ESP"]
[SourceTitle "Ajedrez en Madrid"]
[Source "lmi"]
[SourceDate "2019.02.04"]
[SourceVersion "1"]
[SourceVersionDate "2019.02.22"]
[SourceQuality "1"]

1. e4 d6 2. Nc3 Nf6 3. g3 g6 4. Nf3 Bg4 5. Bg2 c6 6. O-O Bg7 7. d3 O-O 8. h3
Bxf3 9. Qxf3 Nbd7 10. Bd2 Qc7 11. Nd1 Nb6 12. Ne3 a5 13. Qe2 e5 14. f4 Nh5 15.
Rf3 exf4 16. gxf4 Bxb2 17. Raf1 Bg7 18. f5 Nd7 19. Qf2 Ne5 20. Rf4 Nxf4 21.
Qxf4 f6 22. d4 g5 23. Qf2 Nf7 24. Qe2 h6 25. Qh5 Nh8 26. Qe2 Rae8 27. Qc4+ Qf7
28. d5 Rc8 29. Qb3 Kh7 30. Bxa5 Ra8 31. Be1 Ra6 32. Bg3 Qd7 33. Nc4 Nf7 34.
dxc6 bxc6 35. Rd1 Qa7+ 36. Bf2 c5 37. Qc3 Qe7 38. a3 Rd8 39. Rb1 Qc7 40. Ne3
Ne5 41. Nc4 Bf8 42. Bf1 Rb8 43. Rxb8 Qxb8 44. Nxe5 dxe5 45. Bxa6 Qd6 46. Qd3
Qc7 47. Bc4 Kg7 48. Qd5 1-0

[Event "Madrid-ch 2018-2019 - Previa A"]
[Site "Madrid ESP"]
[Date "2019.02.15"]
[Round "7.30"]
[White "Bellagamba, Pascal"]
[Black "Enriquez Pastor, Jorge"]
[Result "1-0"]
[WhiteElo "1649"]
[BlackElo "1492"]
[PlyCount "109"]
[EventDate "2019.02.04"]
[EventType "swiss"]
[EventRounds "9"]
[EventCountry "ESP"]
[SourceTitle "Ajedrez en Madrid"]
[Source "lmi"]
[SourceDate "2019.02.04"]
[SourceVersion "1"]
[SourceVersionDate "2019.02.22"]
[SourceQuality "1"]

1. e4 e6 2. d4 d5 3. Nd2 Nf6 4. e5 Nfd7 5. Ngf3 c5 6. c3 Nc6 7. Be2 Qb6 8. Nb3
f6 9. exf6 Nxf6 10. dxc5 Bxc5 11. Nxc5 Qxc5 12. O-O O-O 13. Re1 b6 14. Be3 Qd6
15. h3 Bb7 16. Rc1 Rac8 17. Bd3 Rfe8 18. Bg5 Qf8 19. Bh4 h6 20. Bg3 Rcd8 21.
Bg6 Re7 22. Qc2 Bc8 23. Qa4 Na5 24. Ne5 Bd7 25. Qc2 Rc8 26. Bd3 Qd8 27. Qe2 Be8
28. Bh4 Rec7 29. Ng4 Bf7 30. Bxf6 gxf6 31. Nxh6+ Kf8 32. Nxf7 Rxf7 33. Qxe6 Rc6
34. Qf5 Rg7 35. Bb5 Rd6 36. Re8+ Qxe8 37. Bxe8 Kxe8 38. Qc8+ Rd8 39. Qe6+ Re7
40. Qxf6 Nc4 41. b3 Ne5 42. Kf1 Nd3 43. Qg6+ Kf8 44. Qxd3 Rc7 45. Re1 Rcd7 46.
Qf5+ Rf7 47. Qg5 Rdd7 48. Qh6+ Rg7 49. Qh5 Rdf7 50. Qxd5 Rg6 51. Qd8+ Kg7 52.
Re8 Rgf6 53. Rg8+ Kh6 54. Rh8+ Kg6 55. Qd3+ 1-0

[Event "Madrid-ch 2018-2019 - Previa A"]
[Site "Madrid ESP"]
[Date "2019.02.15"]
[Round "7.31"]
[White "Sierra Garcia, Ricardo"]
[Black "Mejias Gonzalez, Pedro"]
[Result "1-0"]
[WhiteElo "1371"]
[BlackElo "1574"]
[PlyCount "67"]
[EventDate "2019.02.04"]
[EventType "swiss"]
[EventRounds "9"]
[EventCountry "ESP"]
[SourceTitle "Ajedrez en Madrid"]
[Source "lmi"]
[SourceDate "2019.02.04"]
[SourceVersion "1"]
[SourceVersionDate "2019.02.22"]
[SourceQuality "1"]

1. e4 d5 2. exd5 Nf6 3. Nf3 Nxd5 4. d4 Bg4 5. Qd3 Bxf3 6. Qxf3 c6 7. Bc4 e6 8.
O-O Qf6 9. Bxd5 cxd5 10. Qxf6 gxf6 11. Bf4 Nc6 12. c3 Kd7 13. Nd2 Bd6 14. Bxd6
Kxd6 15. f4 f5 16. Nf3 h6 17. b4 b5 18. a4 a6 19. Rf2 Kc7 20. Rfa2 Kb7 21. Ne5
Nxe5 22. fxe5 Rhc8 23. axb5 axb5 24. Rxa8 Rxa8 25. Rxa8 Kxa8 26. Kf2 Kb7 27.
Kg3 Kc7 28. Kh4 Kd7 29. Kh5 Ke7 30. Kxh6 f6 31. Kg6 fxe5 32. dxe5 Kd7 33. Kf7
f4 34. h4 1-0

[Event "Madrid-ch 2018-2019 - Previa A"]
[Site "Madrid ESP"]
[Date "2019.02.15"]
[Round "7.34"]
[White "Suarez Mencia, Roberto"]
[Black "Diaz Del Prado, Carlos"]
[Result "1-0"]
[WhiteElo "1388"]
[BlackElo "1308"]
[PlyCount "127"]
[EventDate "2019.02.04"]
[EventType "swiss"]
[EventRounds "9"]
[EventCountry "ESP"]
[SourceTitle "Ajedrez en Madrid"]
[Source "lmi"]
[SourceDate "2019.02.04"]
[SourceVersion "1"]
[SourceVersionDate "2019.02.22"]
[SourceQuality "1"]

1. c4 e5 2. g3 Nf6 3. Bg2 c6 4. Nc3 Bb4 5. e3 Bxc3 6. bxc3 d5 7. cxd5 cxd5 8.
Ba3 Bg4 9. Qb3 Qd7 10. f3 Be6 11. Rb1 b6 12. d4 e4 13. f4 Nc6 14. h3 Na5 15.
Qb5 Nc4 16. Qxd7+ Bxd7 17. Bc1 O-O 18. g4 Ba4 19. Bf1 b5 20. Bxc4 bxc4 21. Rh2
Rfb8 22. Rbb2 Rb6 23. Rxb6 axb6 24. Ne2 Bc2 25. a3 Ne8 26. Ng3 Ba4 27. g5 Nc7
28. Nf5 Kf8 29. Nd6 Rd8 30. Nf5 Nb5 31. Bb2 Bb3 32. h4 g6 33. Nh6 Ra8 34. h5
Nxa3 35. hxg6 fxg6 36. f5 Nc2+ 37. Kd2 gxf5 38. Nxf5 Ra2 39. Kc1 Ra7 40. Rh6
Rf7 41. Ng3 Nxe3 42. Ba3+ Ke8 43. Rxb6 Rg7 44. Rb8+ Kf7 45. Rb7+ Kg6 46. Rxg7+
Kxg7 47. Kd2 Nc2 48. Be7 Ba4 49. Nh5+ Kg6 50. Nf4+ Kf5 51. Nxd5 Ke6 52. Nb6
Kxe7 53. Nxa4 Na3 54. Nc5 Nb1+ 55. Ke3 Nxc3 56. Nxe4 Nxe4 57. Kxe4 c3 58. Kd3
c2 59. Kxc2 Kf7 60. d5 Ke7 61. Kd3 Kd6 62. Kd4 Kd7 63. Ke5 Kd8 64. Kf6 1-0

[Event "Madrid-ch 2018-2019 - Previa A"]
[Site "Madrid ESP"]
[Date "2019.02.15"]
[Round "7.35"]
[White "Fernandez Sanchez, Jose M"]
[Black "Olmos Rodriguez, Arcadio"]
[Result "0-1"]
[WhiteElo "1151"]
[BlackElo "1378"]
[PlyCount "84"]
[EventDate "2019.02.04"]
[EventType "swiss"]
[EventRounds "9"]
[EventCountry "ESP"]
[SourceTitle "Ajedrez en Madrid"]
[Source "lmi"]
[SourceDate "2019.02.04"]
[SourceVersion "1"]
[SourceVersionDate "2019.02.22"]
[SourceQuality "1"]

1. e4 c6 2. Nf3 d5 3. Nc3 dxe4 4. Nxe4 Nd7 5. Bc4 Ngf6 6. Nfg5 e6 7. d3 Ne5 8.
Bb3 h6 9. Nxf6+ Qxf6 10. Nf3 Bc5 11. Be3 Bxe3 12. fxe3 Nxf3+ 13. Qxf3 Qxb2 14.
O-O O-O 15. d4 Qa3 16. e4 Qd6 17. Rad1 Bd7 18. d5 Qe7 19. d6 Qg5 20. Qg3 Qxg3
21. hxg3 e5 22. Rf2 Rad8 23. g4 Bxg4 24. Rd3 Kh8 25. Kh2 f5 26. d7 f4 27. Rd6
Rxd7 28. Rfd2 Rfd8 29. Rxd7 Rxd7 30. Rxd7 Bxd7 31. Kg1 c5 32. c3 b5 33. Bd5 b4
34. cxb4 cxb4 35. Kf2 g5 36. Ke2 Kg7 37. Bb3 Bb5+ 38. Kf3 h5 39. Kf2 g4 40. Bd1
Bd3 41. Bf3 gxf3 42. Kxf3 Bb1 0-1

[Event "Madrid-ch 2018-2019 - Previa A"]
[Site "Madrid ESP"]
[Date "2019.02.18"]
[Round "8.2"]
[White "Estevez Sacristan, Deva"]
[Black "Vazquez Gonzalez, Francisco"]
[Result "0-1"]
[WhiteElo "1952"]
[BlackElo "1931"]
[PlyCount "122"]
[EventDate "2019.02.04"]
[EventType "swiss"]
[EventRounds "9"]
[EventCountry "ESP"]
[SourceTitle "Ajedrez en Madrid"]
[Source "lmi"]
[SourceDate "2019.02.04"]
[SourceVersion "1"]
[SourceVersionDate "2019.02.22"]
[SourceQuality "1"]

1. e4 e5 2. Nf3 Nc6 3. Bb5 f5 4. d3 fxe4 5. dxe4 Nf6 6. O-O Bc5 7. Bxc6 bxc6 8.
Nxe5 O-O 9. Nc3 d6 10. Na4 Bb6 11. Nxc6 Qe8 12. Nxb6 axb6 13. Nd4 Qxe4 14. Qf3
Ba6 15. Rd1 Qxf3 16. Nxf3 Be2 17. Rd4 Bxf3 18. gxf3 Ra5 19. a4 Rf5 20. Ra3 Re8
21. Kf1 d5 22. b4 c5 23. bxc5 bxc5 24. Rd1 d4 25. Re1 Ra8 26. Bb2 Nd5 27. a5
Nb4 28. Rc1 Rf7 29. Ke2 Rfa7 30. c3 dxc3 31. Bxc3 Rxa5 32. Rxa5 Rxa5 33. Rb1
Ra4 34. Kf1 Kf7 35. Kg2 g6 36. Ra1 Rxa1 37. Bxa1 Ke6 38. Kf1 Nc2 39. Bb2 Nd4
40. Kg2 Kd5 41. Kg3 Ne2+ 42. Kg4 Ke6 43. f4 c4 44. Kf3 c3 45. Ba3 Nd4+ 46. Ke4
Nb5 47. Bc1 Nd6+ 48. Kd3 Kd5 49. Kxc3 Ke4 50. Be3 Kf3 51. Kd3 Nf5 52. Kd2 Kg2
53. Ke2 Kxh2 54. Kf3 h5 55. Bc5 Nh4+ 56. Ke4 Kg2 57. Be7 Nf5 58. Ke5 Nxe7 59.
Kf6 h4 60. Kxe7 h3 61. Kf6 Kf3 0-1

[Event "Madrid-ch 2018-2019 - Previa A"]
[Site "Madrid ESP"]
[Date "2019.02.18"]
[Round "8.4"]
[White "Rodriguez Garcia, Alberto"]
[Black "Vazquez Gonzalez, Jesus"]
[Result "1/2-1/2"]
[WhiteElo "1792"]
[BlackElo "1916"]
[PlyCount "67"]
[EventDate "2019.02.04"]
[EventType "swiss"]
[EventRounds "9"]
[EventCountry "ESP"]
[SourceTitle "Ajedrez en Madrid"]
[Source "lmi"]
[SourceDate "2019.02.04"]
[SourceVersion "1"]
[SourceVersionDate "2019.02.22"]
[SourceQuality "1"]

1. d4 c5 2. d5 e5 3. e4 d6 4. Nf3 g6 5. Nc3 Bg7 6. Bd3 Ne7 7. Be3 O-O 8. Qd2 f5
9. Bh6 f4 10. Bxg7 Kxg7 11. Be2 h6 12. g3 a6 13. a4 g5 14. h3 Ng6 15. Qd3 Nd7
16. Nd2 Nf6 17. Nc4 b6 18. h4 gxh4 19. gxh4 h5 20. Kd2 Kh6 21. Rag1 Rg8 22. Rg5
Ra7 23. Bf3 Nxh4 24. Rxg8 Nxf3+ 25. Qxf3 Qxg8 26. Nxd6 Bg4 27. Qd3 Qb8 28. Nf5+
Bxf5 29. exf5 Rd7 30. Rg1 Qd8 31. Qh3 e4 32. Ke1 Rg7 33. Rxg7 Kxg7 34. Qg2+
1/2-1/2

[Event "Madrid-ch 2018-2019 - Previa A"]
[Site "Madrid ESP"]
[Date "2019.02.18"]
[Round "8.5"]
[White "De Luna Butz, Alberto"]
[Black "Gueler Berdasco, Martin"]
[Result "0-1"]
[WhiteElo "1813"]
[BlackElo "1904"]
[PlyCount "66"]
[EventDate "2019.02.04"]
[EventType "swiss"]
[EventRounds "9"]
[EventCountry "ESP"]
[SourceTitle "Ajedrez en Madrid"]
[Source "lmi"]
[SourceDate "2019.02.04"]
[SourceVersion "1"]
[SourceVersionDate "2019.02.22"]
[SourceQuality "1"]

1. Nf3 Nf6 2. c4 e6 3. g3 d5 4. Bg2 c6 5. b3 Nbd7 6. Bb2 Be7 7. O-O b6 8. Nc3
Bb7 9. Qc2 O-O 10. Rac1 Rc8 11. e4 dxe4 12. Nxe4 Nxe4 13. Qxe4 Bf6 14. d4 Rc7
15. Qe2 c5 16. Rfd1 Qa8 17. Ne1 Bxg2 18. Nxg2 cxd4 19. Bxd4 Rfc8 20. Ne3 Qe4
21. f3 Qg6 22. Rc2 b5 23. Rcd2 h5 24. Bxf6 Nxf6 25. cxb5 Rc1 26. Rd8+ Rxd8 27.
Rxc1 h4 28. g4 Qg5 29. a4 Nd5 30. Kf2 Nf4 31. Qc2 Nd3+ 32. Ke2 Nxc1+ 33. Qxc1
Qe5 0-1

[Event "Madrid-ch 2018-2019 - Previa A"]
[Site "Madrid ESP"]
[Date "2019.02.18"]
[Round "8.6"]
[White "Jimenez Gonzalez, Marcos"]
[Black "Ruiz Quevedo, Andres"]
[Result "1/2-1/2"]
[WhiteElo "1757"]
[BlackElo "1896"]
[PlyCount "43"]
[EventDate "2019.02.04"]
[EventType "swiss"]
[EventRounds "9"]
[EventCountry "ESP"]
[SourceTitle "Ajedrez en Madrid"]
[Source "lmi"]
[SourceDate "2019.02.04"]
[SourceVersion "1"]
[SourceVersionDate "2019.02.22"]
[SourceQuality "1"]

1. c4 Nf6 2. g3 e6 3. Bg2 c5 4. Nf3 Be7 5. O-O O-O 6. Nc3 d6 7. d4 cxd4 8. Nxd4
a6 9. b3 Qc7 10. Bb2 Nc6 11. Rc1 Nxd4 12. Qxd4 Bd7 13. Rfd1 Rfd8 14. h3 Rac8
15. e4 Qb8 16. Qe3 b5 17. cxb5 axb5 18. b4 Bc6 19. a3 Bf8 20. Ne2 Ne8 21. Nd4
Bd7 22. Qe2 1/2-1/2

[Event "Madrid-ch 2018-2019 - Previa A"]
[Site "Madrid ESP"]
[Date "2019.02.18"]
[Round "8.8"]
[White "Barahona Torrijos, Angel"]
[Black "Rueda Maria, Ramiro"]
[Result "0-1"]
[WhiteElo "1714"]
[BlackElo "1820"]
[PlyCount "106"]
[EventDate "2019.02.04"]
[EventType "swiss"]
[EventRounds "9"]
[EventCountry "ESP"]
[SourceTitle "Ajedrez en Madrid"]
[Source "lmi"]
[SourceDate "2019.02.04"]
[SourceVersion "1"]
[SourceVersionDate "2019.02.22"]
[SourceQuality "1"]

1. e4 c5 2. a3 Nc6 3. b4 cxb4 4. axb4 Nxb4 5. Ra4 e6 6. Bb2 d5 7. Rxb4 Nf6 8.
Bxf6 Qxf6 9. Bb5+ Kd8 10. Rb3 Bc5 11. Qf3 dxe4 12. Qxf6+ gxf6 13. Ne2 a6 14. d4
Be7 15. Nec3 axb5 16. Nxe4 b4 17. O-O Bd7 18. Nc5 Kc7 19. Nxd7 Kxd7 20. c4 b6
21. Rd1 Kc6 22. Nd2 Ra3 23. d5+ Kc7 24. Rb2 Rha8 25. Nb3 Bc5 26. g4 Rg8 27. h3
h5 28. Nd4 Rxh3 29. Kg2 Rh4 30. f3 hxg4 31. f4 Bxd4 32. Rxd4 Rd8 33. Kg3 Rh1
34. Rxb4 f5 35. Rb2 Rh3+ 36. Kg2 Rc3 37. Ra2 exd5 38. cxd5 Kd6 39. Rb2 Rb8 40.
Rb5 Rc5 41. Rdb4 Rc3 42. Rxb6+ Rxb6 43. Rxb6+ Kxd5 44. Ra6 Rf3 45. Ra4 Rd3 46.
Ra7 Ke4 47. Rxf7 Kxf4 48. Ra7 Rd2+ 49. Kg1 g3 50. Ra4+ Kf3 51. Ra3+ Ke4 52. Ra8
f4 53. Ra3 Rd1+ 0-1

[Event "Madrid-ch 2018-2019 - Previa A"]
[Site "Madrid ESP"]
[Date "2019.02.18"]
[Round "8.9"]
[White "Andrade Sandoval, Bianca"]
[Black "Cruz Gonzalez, Antonio"]
[Result "0-1"]
[WhiteElo "1981"]
[BlackElo "1790"]
[PlyCount "72"]
[EventDate "2019.02.04"]
[EventType "swiss"]
[EventRounds "9"]
[EventCountry "ESP"]
[SourceTitle "Ajedrez en Madrid"]
[Source "lmi"]
[SourceDate "2019.02.04"]
[SourceVersion "1"]
[SourceVersionDate "2019.02.22"]
[SourceQuality "1"]

1. d4 Nf6 2. Bf4 d6 3. e3 g6 4. h3 Bg7 5. Nf3 O-O 6. Be2 Nbd7 7. c4 Qe8 8. Nc3
a6 9. O-O e5 10. Bh2 b6 11. b4 c5 12. bxc5 bxc5 13. d5 Nb6 14. Rb1 Nfd7 15. Qc2
Qe7 16. Ne4 h6 17. Rb3 f5 18. Nc3 Qd8 19. Rfb1 Rb8 20. Nd2 Rb7 21. Nf1 Qc7 22.
Qb2 e4 23. Qc2 Ne5 24. Nd2 Nbd7 25. Rxb7 Bxb7 26. f3 exf3 27. Nxf3 Rb8 28. e4
Nxf3+ 29. Bxf3 Ne5 30. Be2 Bc8 31. Rxb8 Qxb8 32. Nd1 fxe4 33. Qxe4 Bf5 34. Qh4
Qe8 35. g4 Bd3 36. Bxd3 Nf3+ 0-1

[Event "Madrid-ch 2018-2019 - Previa A"]
[Site "Madrid ESP"]
[Date "2019.02.18"]
[Round "8.10"]
[White "Fernandez Rios, Jose Francisco"]
[Black "Lopez de Turiso, Jose Angel"]
[Result "0-1"]
[WhiteElo "1780"]
[BlackElo "1970"]
[PlyCount "48"]
[EventDate "2019.02.04"]
[EventType "swiss"]
[EventRounds "9"]
[EventCountry "ESP"]
[SourceTitle "Ajedrez en Madrid"]
[Source "lmi"]
[SourceDate "2019.02.04"]
[SourceVersion "1"]
[SourceVersionDate "2019.02.22"]
[SourceQuality "1"]

1. d4 f5 2. Nc3 Nf6 3. Bg5 d5 4. Bxf6 exf6 5. e3 Be6 6. Bd3 Nc6 7. Qf3 Qd7 8.
a3 a6 9. Nge2 Bd6 10. O-O Ne7 11. Nf4 Bf7 12. Nh5 Bxh5 13. Qxh5+ g6 14. Qf3 h5
15. g3 c6 16. Ne2 g5 17. c4 dxc4 18. Bxc4 O-O-O 19. Rac1 Kb8 20. Nc3 h4 21. e4
hxg3 22. fxg3 f4 23. e5 fxe5 24. d5 Bc5+ 0-1

[Event "Madrid-ch 2018-2019 - Previa A"]
[Site "Madrid ESP"]
[Date "2019.02.18"]
[Round "8.11"]
[White "Perez Agusti, Luis"]
[Black "Valencia De Loma, Sergio"]
[Result "1-0"]
[WhiteElo "1934"]
[BlackElo "1757"]
[PlyCount "87"]
[EventDate "2019.02.04"]
[EventType "swiss"]
[EventRounds "9"]
[EventCountry "ESP"]
[SourceTitle "Ajedrez en Madrid"]
[Source "lmi"]
[SourceDate "2019.02.04"]
[SourceVersion "1"]
[SourceVersionDate "2019.02.22"]
[SourceQuality "1"]

1. d4 f5 2. e4 e6 3. Bd3 d6 4. Nc3 g6 5. Qe2 Be7 6. exf5 exf5 7. Bg5 h6 8. Bh4
Kf8 9. Bxe7+ Qxe7 10. Nd5 Qf7 11. Nf4 Nf6 12. Bc4 d5 13. Bb3 c6 14. Nf3 Kg7 15.
Ne5 Qc7 16. Nfxg6 Re8 17. O-O Nbd7 18. c3 Nxe5 19. Nxe5 Ng4 20. Rfe1 Bd7 21.
Qd3 Kf6 22. f4 Be6 23. Qh3 Nxe5 24. Rxe5 Qg7 25. Bc2 Qg6 26. Rae1 Bd7 27. Bd1
Rxe5 28. Rxe5 Be6 29. Qh4+ Kg7 30. Qe7+ Bf7 31. Qd7 Re8 32. Qxb7 Rxe5 33. dxe5
a5 34. Qa7 h5 35. Qf2 c5 36. Qxc5 h4 37. Qf2 h3 38. Qg3 Qxg3 39. hxg3 hxg2 40.
Kxg2 d4 41. cxd4 Bxa2 42. Bc2 Be6 43. Kh3 Kg6 44. g4 1-0